000 nam a22 7a 4500
999 _c9908
_d9908
008 180208b ||||| |||| 00| 0 eng d
100 _aKhanna, M
_95884
245 _aNiccolo Machiavelli great political
260 _aNew Delhi
_bFarsight Publication
_c2011